|
|
|
|
| LEADER |
00000nta a2200000 i 4500 |
| 001 |
dolg12993 |
| 005 |
20180301165547.0 |
| 008 |
171129suuuu hu om 000 eng d |
| 040 |
|
|
|a BGE Dolgozattár Repozitórium
|b hun
|
| 041 |
|
|
|a en
|
| 100 |
1 |
|
|a Sólyom Zita
|
| 245 |
1 |
0 |
|a Youth travel in the world of brick and mortar
|c Sólyom Zita
|h [elektronikus dokumentum]
|
| 246 |
1 |
1 |
|a Youth travel in the world of brick and mortar
|
| 695 |
|
|
|a Youth Travel
|
| 695 |
|
|
|a Travel Agency
|
| 700 |
1 |
|
|a Székely György Péter
|e ths
|
| 856 |
4 |
0 |
|u http://dolgozattar.uni-bge.hu/12993/1/Zita%20S%C3%B3lyom_Dissertation.pdf
|z Dokumentum-elérés
|